000
00316nam a2200133Ia 4500
005
20260326235439.0
008
260326s9999||||xx |||||||||||||| ||und||
100
_a
Ashby, Mike
245
0
_a
Materials and Design /
_c
Mike Ashby
260
_b
Elsevier
300
_a
336 p.
650
_a
DISEÑO INDUSTRIAL
942
_c
BK
999
_c
7323
_d
7323